000 00589nam a2200193 i 4500
001 88148
003 ES-MaACL
005 20230906175818.0
007 t|
008 050103s1947 sp ||||1| spa d
100 1 _aLagoma, Alfonso.
_969591
245 1 0 _aElectroacústica
_b: técnica y práctica del sonido /
_cAlfonso Lagoma.
260 _aBarcelona :
_bSpes,
_c1947 (
_fMarina S.A.)
300 _a340 p. :
_bil. ;
_c25 cm.
490 1 _aColección técnica Ergón
830 0 _aColección técnica Ergón
_9231822
852 _aES-MaACL
_jC-4956
_bR.25607
999 _c88148
_d88148